Nigāh aur nuqt̤e. (Record no. 83068)

MARC details
000 -LEADER
fixed length control field 00592cam a22002411 4500
001 - CONTROL NUMBER
control field sa 68009673
003 - CONTROL NUMBER IDENTIFIER
control field DLC
005 - DATE AND TIME OF LATEST TRANSACTION
control field 20260227112545.0
008 - FIXED-LENGTH DATA ELEMENTS--GENERAL INFORMATION
fixed length control field 940615s1968 pk c b 000 0 urdo
010 ## - LIBRARY OF CONGRESS CONTROL NUMBER
LC control number sa 68009673
025 ## - OVERSEAS ACQUISITION NUMBER
Overseas acquisition number PL480:P-U-1926
035 ## - SYSTEM CONTROL NUMBER
System control number (OCoLC)30612834
040 ## - CATALOGING SOURCE
Original cataloging agency DLC
Transcribing agency CU
Modifying agency CU
-- DLC
042 ## - AUTHENTICATION CODE
Authentication code premarc
050 00 - LIBRARY OF CONGRESS CALL NUMBER
Classification number PK2156
Item number .S24
100 0# - MAIN ENTRY--PERSONAL NAME
Personal name Saleem Akhtar,
Dates associated with a name 1934-
245 10 - TITLE STATEMENT
Title Nigāh aur nuqt̤e.
260 ## - PUBLICATION, DISTRIBUTION, ETC.
Date of publication, distribution, etc. [1968]
300 ## - PHYSICAL DESCRIPTION
Extent 288 p.
Other physical details port.
Dimensions 19 cm.
500 ## - GENERAL NOTE
General note In Urdu.
504 ## - BIBLIOGRAPHY, ETC. NOTE
Bibliography, etc. note Bibliographical footnotes.
650 #0 - SUBJECT ADDED ENTRY--TOPICAL TERM
Topical term or geographic name entry element Urdu literature.

No items available.

Powered by Koha